Guía práctica de plagas /
Guardado en:
| Autor Principal: | |
|---|---|
| Otros Autores: | , |
| Formato: | Libro |
| Publicado: |
Madrid :
Mundi-prensa,
1981
|
| Materias: | |
| Etiquetas: |
Agregar Etiqueta
Sin Etiquetas, Sea el primero en etiquetar este registro!
|
| LEADER | 00728nam a22002295a 4500 | ||
|---|---|---|---|
| 001 | CEM.cems015765 | ||
| 008 | 130507s1981##################000#0#####d | ||
| 005 | 20210811184433.0 | ||
| 003 | CEMS | ||
| 245 | 1 | 0 | |a Guía práctica de plagas / |c José Antonio Del Cañizo Perate, Ramón Moreno Vázquez y Garijo Alba, Cayetano |
| 260 | |a Madrid : |b Mundi-prensa, |c 1981 | ||
| 300 | |a 371 p. | ||
| 020 | |a 8471141035 | ||
| 100 | 1 | |a Cañizo Perate, José Antonio del | |
| 700 | 1 | |a Moreno Vázquez, Ramón | |
| 700 | 1 | |a Garijo Alba, Cayetano | |
| 082 | 0 | 4 | |a 632 |
| 653 | |a Agricultura | ||
| 653 | |a Cultivos-enfermedades | ||
| 653 | |a Cultivos-plagas | ||
| 653 | |a Plagas agrícolas | ||
| 859 | |a CEMS |b BIB. CEMS - Agricultura |h 632 |i C153 |p A15958.90 |t Ej.1 | ||
